Catálogo
 En Linea

Suites de impresiones para piano / (Registro nro. 34074)

Detalles MARC
000 -CABECERA
campo de control de longitud fija 00785nam a2200217 a 4500
001 - NÚMERO DE CONTROL
campo de control 000034583
005 - FECHA Y HORA DE LA ÚLTIMA TRANSACCIÓN
campo de control 20200930073759.0
008 - DATOS DE LONGITUD FIJA--INFORMACIÓN GENERAL
campo de control de longitud fija 111010s1948 dr 000 0 spa d
040 ## - FUENTE DE LA CATALOGACIÓN
Centro catalogador/agencia de origen DO-SdBNP
Lengua de catalogación spa
Centro/agencia transcriptor BNPHU
082 ## - NÚMERO DE LA CLASIFICACIÓN DECIMAL DEWEY
Número de clasificación xxxx
Número de documento/Ítem G216s
049 ## - FONDOS LOCALES (OCLC)
Fondos de biblioteca BNPD
100 1# - ENTRADA PRINCIPAL--NOMBRE DE PERSONA
Nombre de persona Garcia, Juan Fco.
9 (RLIN) 60019
245 10 - MENCIÓN DE TÍTULO
Título Suites de impresiones para piano /
Mención de responsabilidad, etc. Juan Fco. Garcia.
260 ## - PUBLICACIÓN, DISTRIBUCIÓN, ETC.
Lugar de publicación, distribución, etc. Santo Domingo :
Nombre del editor, distribuidor, etc. Universidad de Santo Domingo,
Fecha de publicación, distribución, etc. 1948.
300 ## - DESCRIPCIÓN FÍSICA
Extensión 25 p. ;
Dimensiones 30 cm.
490 1# - MENCIÓN DE SERIE
Mención de serie Publicaciones de la Universidad de Santo Domingo
Designación de volumen o secuencia 56
490 1# - MENCIÓN DE SERIE
Mención de serie Musicología
Designación de volumen o secuencia no. 1
505 0# - NOTA DE CONTENIDO CON FORMATO
Información miscelánea I.
Título Preludio
Información miscelánea II.
Título Incoherencia
Información miscelánea III.
Título Solaz
Información miscelánea IV.
Título Scherzo
Información miscelánea V.
Título Obsesion
Información miscelánea VI.
Título Merengue.
830 #0 - PUNTO DE ACCESO ADICIONAL DE SERIE-TÍTULO UNIFORME
Título uniforme Publicaciones de la Universidad de Santo Domingo
Designación de volumen o secuencia 56
9 (RLIN) 818
830 #0 - PUNTO DE ACCESO ADICIONAL DE SERIE-TÍTULO UNIFORME
Título uniforme Musicología
Designación de volumen o secuencia no. 1
9 (RLIN) 60020
Existencias
Estado de retiro Estado de pérdida No para préstamo Código de colección Localización permanente Ubicación/localización actual Ubicación en estantería Fecha de adquisición Número de inventario Total de préstamos Signatura topográfica completa Código de barras Fecha visto por última vez Precio válido a partir de Tipo de ítem Koha Nota pública
    Excluido de préstamo Patrimonio Dominicano Patrimonio Dominicano Patrimonio Dominicano En catalogación 10.10.2011 LF1   xxxx G216s 34583-10 25.06.2020 25.06.2020 Libro y Folleto Colección Patrimonio Dominicano Perteneció a la biblioteca personal de Martínez Boog

Con tecnología Koha